| 000 | 00466nam a2200205Ia 4500 | ||
|---|---|---|---|
| 003 | OSt | ||
| 005 | 20230511101402.0 | ||
| 008 | 210423s2013 xx 000 0 und d | ||
| 020 | _a9788120343290 | ||
| 040 | _cAL | ||
| 041 | _aeng | ||
| 082 |
_a512 ARTM _223 |
||
| 100 |
_aARTIN (Michael). _941714 |
||
| 245 | _aAlgebra. | ||
| 250 | _a2 | ||
| 260 |
_aNew Delhi _bPHI Learning Pvt Ltd _c2013 |
||
| 300 |
_axv,543 _bPB |
||
| 365 |
_b375 _cINR |
||
| 942 |
_2ddc _cBK |
||
| 999 |
_c161606 _d161606 |
||